Statistiken für Nenne alle Bosse aus Paper Mario 2

Klicken Sie hier um das Quiz zu spielen!

Allgemein

  • Dieses Quiz wurde 42 mal gespielt
  • Das Durchschnittsergebnis liegt bei 10 aus 25

Antwortstatistiken

KapitelBoss Name% Korrekt
Bowser
88%
1Lohgard
63%
Schattentrio
63%
Crucius
56%
4Rumpel
56%
5Cortez
47%
2Crucibot
47%
Lohbert
47%
3Mega-Clubbone
47%
Aurelius
44%
Crucillus
44%
8Königin der Finsternis
44%
6Fluffy
41%
Blooper
38%
Lohviata
38%
Kammy Koopa
34%
7Neo-Crucibot
34%
Atom-Buu
31%
Lanzo
31%
Gold-Fuzzy
28%
Roter Knochen-Koopa
28%
Kalte Glut
25%
Stahl-Brüder
25%
Elite-Soldaten
19%
Geistertrocken
19%

Verteilung der Resultate

Perzentil nach korrekt beantworteten Fragen

Anzahl Personen mit jedem Resultat

Ihre Resultats-Entwicklung

Sie haben dieses Quiz noch nicht gespielt